000 01031nam a22002297a 4500
001 9586
003 FISKH
005 20260123162157.0
008 260123b cb ||||| |||| 00| 0 eng d
020 _a9780099765219
040 _aFISKH
_beng
_cFISKH
_dFISKH
050 _aPS3566 .A4554
082 _a813.54
100 _aPalahniuk , Chuck
245 _aFight club /
_cBy Chuck Palahniuk
260 _aLondon :
_bVintage Books ,
_c1996 .
300 _a218 pages :
_billustrations ;
_c20 cm .
520 _aChuck Palahniuk showed himself to be his generation's most visionary satirist in this, his first book. Fight Club's estranged narrator leaves his lackluster job when he comes under the thrall of Tyler Durden, an enigmatic young man who holds secret after-hours boxing matches in the basements of bars. There, two men fight "as long as they have to." This is a gloriously original work that exposes the darkness at the core of our modern world.
650 _aConsumerism
_vFiction
942 _2ddc
_cBK
_n0
999 _c9586
_d9586